The Chronicle productivity guide to managing the tenure track : essential tools and tips for your success, from experts across academe.

Bibliographic Details
Format: Book
Language:English
Published: Washington, D.C. : The Chronicle of Higher Education, [2018]
Series:Chronicle productivity guides.
Subjects:

MARC

Tag First Indicator Second Indicator Subfields
LEADER 00000cam a2200000Ii 4500
001 in00004050821
005 20190718162742.0
008 190325t20182018dcu f 000 0 eng d
035 |a (OCoLC)on1091905169 
035 |a (OCoLC)1091905169 
040 |a TXA  |b eng  |e rda  |c TXA  |d UtOrBLW 
049 |a TXAM 
050 4 |a LB2335.7  |b C47 2018 
245 0 4 |a The Chronicle productivity guide to managing the tenure track :  |b essential tools and tips for your success, from experts across academe. 
246 3 0 |a Managing the tenure track 
264 1 |a Washington, D.C. :  |b The Chronicle of Higher Education,  |c [2018] 
264 4 |c ©2018 
300 |a 97 pages ;  |c 22 cm. 
336 |a text  |b txt  |2 rdacontent 
337 |a unmediated  |b n  |2 rdamedia 
338 |a volume  |b nc  |2 rdacarrier 
490 1 |a Chronicle productivity guides 
500 |a No editor or ISBN/ISSN listed. 
505 0 |a It's not entirely up to you ... -- ... But don't get in your own way -- The art of negotiation -- Making your best case for tenure -- What about a family? -- You've earned tenure! Now what? 
650 0 |a College teachers  |x Tenure  |v Handbooks, manuals, etc. 
650 0 |a College department heads  |x Vocational guidance. 
650 0 |a College department heads  |v Handbooks, manuals, etc. 
650 0 |a Educational leadership  |v Handbooks, manuals, etc.  |0 http://id.loc.gov/authorities/subjects/sh2008119090 
730 0 |a Chronicle of higher education. 
830 0 |a Chronicle productivity guides. 
948 |a cataloged  |b h  |c 2019/4/8  |d o  |e tchubaryan  |f 4:42:00 pm 
994 |a C0  |b TXA 
999 f f |s 60a38417-fa2e-34a9-9dd2-5b08d3315961  |i e69c275c-7915-3428-bdc5-2230794a9e00  |t 0 
952 f f |p normal  |a Texas A&M University  |b College Station  |c Sterling C. Evans Library  |d Evans: Library Stacks  |t 0  |e LB2335.7 C47 2018  |h Library of Congress classification  |i unmediated -- volume  |m A14850911034 
998 f f |a LB2335.7 C47 2018  |t 0  |l Evans: Library Stacks